000 00309nam a22001337a 4500
008 170925b xxu||||| |||| 00| 0 eng d
020 _a9781416608370
041 _aeng
080 _a37
100 _a46
101 _aEDU
245 _aPROTOLS FOR PEOFSESIPNALS LEARNING
_cEASTON.L.B
942 _2udc
_cBK
999 _c29705
_d29705